Obálka Náhled e-knihy:
PDF
Pro půjčování e-knih musíte být přihlášeni.
Jak si půjčit online?

Zamilovaná /

Grafický román, který se zamýšlí nad sebepřijetím, očekáváním a odvahou, kterou je třeba mít, aby člověk vybočil ze zajetých kolejí.

Uloženo v:
Hlavní autor: Cortés, Clara, 1996- (Autor)
Další autoři: Bičíková, Romana, 1986- (Autor)
Médium: E-kniha
Jazyk:Czech
Vydáno: V Praze : CooBoo, 2025
Vydání:1. vydání
Témata:
Tagy:
Žádné tagy
LEADER 02780nam a2200541 i 4500
001 312702
003 CZ PrSKC
005 20260601215727.0
007 ta
008 250423s2025 xr a d 6 000 1 cze
015 |a cnb003682220 
020 |a 9788074988806  |q (brožováno) :  |c Kč 349,00 
035 |a (OCoLC)1523000297 
040 |a ABG001  |b cze  |d BOA001  |e rda 
041 1 |a cze  |h spa 
072 7 |a 741.52  |x Komiksy. Komiksové adaptace  |2 Konspekt 
072 7 |a 821-93  |x Literatura pro děti a mládež (beletrie)  |2 Konspekt 
080 |a 741.52(0:82-322.5)  |2 MRF 
080 |a 821-9-055.3/.4  |2 MRF 
080 |a 821-93-053.67  |2 MRF 
080 |a 821-93  |2 MRF 
100 1 |a Cortés, Clara,  |d 1996-  |7 xx0331641  |4 aut 
240 1 0 |a Enamorada.  |l Česky 
245 1 0 |a Zamilovaná /  |c Clara Cortés ; přeložila Romana Bičíková 
250 |a 1. vydání 
264 1 |a V Praze :  |b CooBoo,  |c 2025 
300 |a 176 stran :  |b barevné ilustrace ;  |c 22 cm 
336 |a text  |b txt  |2 rdacontent 
336 |a statický obraz  |b sti  |2 rdacontent 
337 |a bez média  |b n  |2 rdamedia 
338 |a svazek  |b nc  |2 rdacarrier 
500 |a Přeloženo ze španělštiny 
520 2 |a Grafický román, který se zamýšlí nad sebepřijetím, očekáváním a odvahou, kterou je třeba mít, aby člověk vybočil ze zajetých kolejí.  |b Ana Martinová má dokonalý život: je krásná, chytrá a oblíbená. Ví, že má štěstí, víc si nemůže přát. Avšak zatímco všichni sledují každý Anin krok, ona nemůže odtrhnout zrak od dívky ze třídy, se kterou nikdy nepromluvila, ale kvůli které se jí pokaždé, když ji míjí, rozbuší srdce. Když se s ní díky nečekanému studijnímu úkolu sblíží, Ana konečně zjistí mnoho věcí nejen o sobě a lásce, ale také o přátelství, touze po dokonalosti a štěstí. Nakladatelská anotace. 
655 7 |a romantické komiksy  |7 fd1057460  |2 czenas 
655 7 |a queer literatura  |7 fd1230250  |2 czenas 
655 7 |a literatura young adult  |7 fd1185572  |2 czenas 
655 7 |a publikace pro mládež  |7 fd133157  |2 czenas 
655 9 |a romance comics  |2 eczenas 
655 9 |a queer literature  |2 eczenas 
655 9 |a young adult literature  |2 eczenas 
655 9 |a juvenile literature  |2 eczenas 
700 1 |a Bičíková, Romana,  |d 1986-  |7 xx0161614  |4 trl 
900 |a ABA001  |b 20 
928 9 |a Albatros Media - CooBoo 
044 |a xr 
910 |a RBIT002 
998 |d 419977  |a https://core.palmknihy.cz/api/books/419977/cover?suwskg  |b https://core.palmknihy.cz/api/books/419977/cover/400?suwskg  |c https://core.palmknihy.cz/api/books/419977/cover/50?suwskg  |e 2029-06-05  |g 176  |i 9788074988806  |k https://core.palmknihy.cz/api/books/419977/preview.pdf  |l   |q 49  |r 1  |s https://www.palmknihy.cz/kniha/419977  |t ebook  |y 2025  |z 0 
999 |d 312700